| 000 | 01532nam0a2200385 i 4500 | ||
|---|---|---|---|
| 001 | RU\NLR\BIBL_A\010553658 | ||
| 005 | 20240921134711.0 | ||
| 010 |
_a9785090328005 _92000 |
||
| 021 |
_aRU _b14-73538 |
||
| 035 | _a(NILC)RuMoRGB-007569738 | ||
| 035 | _a(NLR Aleph) 010553658 | ||
| 090 |
_a10348764 _c10348764 |
||
| 100 | _a20141203d2015 u y0rusy50 ca | ||
| 101 | 0 | _arus | |
| 102 | _aRU | ||
| 105 | _ay|||j|||000yy | ||
| 200 | 1 |
_aОсновы светской этики _e4 класс _eметодическое пособие _eпособие для учителей общеобразовательных организаций _fА. И. Шемшурина |
|
| 210 |
_aМосква _cПросвещение _d2015 _d[т.е. 2014] |
||
| 215 |
_a78 с. _d21 |
||
| 225 | 1 | _aОсновы религиозных культур и светской этики | |
| 225 | 1 | _aФГОС | |
| 300 | _aКн. фактически изд. в 2014 г. | ||
| 320 | _aБиблиогр.: с. 77 | ||
| 606 | 1 |
_aЭтика _jМетодические пособия _xПреподавание _xНачальная школа _92478252 _3RU\NLR\AUTH\661471366 |
|
| 675 | _a373.167.1:17 | ||
| 675 | _a17(075.2) | ||
| 686 | 1 | _aЧ426.66,01я8 | |
| 700 | 1 |
_aШемшурина _bА. И. _gАлла Ивановна _9141310 _3RU\NLR\AUTH\770141346 |
|
| 801 | 0 |
_aRU _bRuMoRKP _c20130610 _gRCR |
|
| 801 | 2 |
_aRU _bРГБ _c20141020 _grcr |
|
| 801 | 1 |
_aRU _bRuMoRKP _c20130610 _2rusmarc |
|
| 942 | _cBOOK | ||
| 980 | _aNBR | ||